书目信息 |
| 题名: |
胡雪岩外传
|
|
| 作者: | 陈蝶仙 著 ;陈志明 校 | |
| 分册: | ||
| 出版信息: | 北京 中国戏剧出版社 2015 |
|
| 页数: | 201页 | |
| 开本: | 24cm | |
| 丛书名: | 中国历代人物演义书系 | |
| 单 册: | ||
| 中图分类: | K825.38=52 , K825.38 | |
| 科图分类: | ||
| 主题词: | 商人--传记--中国--清后期 | |
| 电子资源: | ||
| ISBN: | 978-7-104-04265-5 | |
| 000 | 00960oam2 2200277 450 | |
| 001 | 1649733417 | |
| 005 | 20151101210532.0 | |
| 010 | @a978-7-104-04265-5@dCNY28.00 | |
| 100 | @a20151101d2015 em y0chiy50 ea | |
| 101 | 0 | @achi |
| 102 | @aCN@b110000 | |
| 105 | @ay z 000yb | |
| 106 | @ar | |
| 200 | 1 | @a胡雪岩外传@9hu xue yan wai chuan@f陈蝶仙著@g陈志明校 |
| 210 | @a北京@c中国戏剧出版社@d2015 | |
| 215 | @a201页@d24cm | |
| 225 | 1 | @a中国历代人物演义书系 |
| 330 | @a本书描写近代史上著名“红顶商人”胡雪岩奢侈糜烂的私生活,,胡雪岩是杭州钱业中一个名闻全国,并带有传奇色彩的人物。作为商人,他能明白大势,致力于人情投资,努力经营好最大的客户——国家。 | |
| 461 | 0 | @12001 @a中国历代人物演义书系 |
| 600 | 0 | @a胡雪岩@f(1823-1885)@x传记 |
| 606 | 0 | @a商人@x传记@y中国@z清后期 |
| 690 | @aK825.38=52@v5 | |
| 690 | @aK825.38@v4 | |
| 701 | 0 | @a陈蝶仙@9chen die xian@f(1879-1940)@4著 |
| 702 | 0 | @a陈志明@9chen zhi ming@4校 |
| 905 | @aBZT@dK825.38@e51 | |
| 胡雪岩外传/陈蝶仙著/陈志明校.-北京:中国戏剧出版社,2015 |
| 201页;24cm.-(中国历代人物演义书系) |
| ISBN 978-7-104-04265-5:CNY28.00 |
| 本书描写近代史上著名“红顶商人”胡雪岩奢侈糜烂的私生活,,胡雪岩是杭州钱业中一个名闻全国,并带有传奇色彩的人物。作为商人,他能明白大势,致力于人情投资,努力经营好最大的客户——国家。 |
| ● |
| 相关链接 |
|
|
|
正题名:胡雪岩外传
索取号:K825.38/51
 
预约/预借
| 序号 | 登录号 | 条形码 | 馆藏地/架位号 | 状态 | 备注 |
| 1 | 807304 | 2000807304 | 第二书库/ [索取号:K825.38/51] | 在馆 | |
| 2 | 807305 | 2000807305 | 第二书库/ [索取号:K825.38/51] | 在馆 | |
| 3 | 807306 | 2000807306 | 第二书库/ [索取号:K825.38/51] | 在馆 |